| 000 | 00785nam a22001817a 4500 | ||
|---|---|---|---|
| 999 |
_c59141 _d59141 |
||
| 003 | Ge_BSU | ||
| 005 | 20221130115705.0 | ||
| 008 | 221130s1984ge xxu||||| |||| 00| 0 geo d | ||
| 041 | _ageo | ||
| 080 | _a821.162.1-31 ბ-91 | ||
| 100 |
_aბრეზა, თადეუშ, ავტ. _916238 |
||
| 245 |
_aბალთაზარის ნადიმი : _b [პოლონ. მწერლის რომანი] / _cთადეუშ ბრეზა ; თარგმნა თ. სვანმა. |
||
| 264 |
_aთბილისი : _bსაბჭ. საქართველო, _c1984. |
||
| 300 |
_a355 გვ. : _bილ. ; _c20 სმ. |
||
| 653 | _a რომანი | ||
| 700 |
_aსვანი, თ _eმთარგმნელი _916239 |
||
| 942 |
_2udc _cBK |
||